Мастера музыки и балета - Герои Социалистического Труда

Dettagli Bibliografici
Altri autori: Григорьев Л. Г. (редактор составитель), Платек Я. М. (составитель редактор)
Lingua:russo
Pubblicazione: Москва, Советский композитор, 1978
Soggetti:
Natura: MixedMaterials Libro
KOHA link:https://koha.lib.tpu.ru/cgi-bin/koha/opac-detail.pl?biblionumber=325405

MARC

LEADER 00000nam0a2200000 4500
001 325405
005 20241011111152.0
035 |a (RuTPU)RU\TPU\book\351019 
090 |a 325405 
100 |a 20161205d1978 m y0rusy50 ca 
101 0 |a rus 
102 |a RU 
105 |a ac z 000zd 
200 1 |a Мастера музыки и балета - Герои Социалистического Труда  |f ред.-сост. Л. Г. Григорьев , Я. М. Платек 
210 |a Москва  |c Советский композитор  |d 1978 
215 |a 317 с.  |c ил. 
600 1 |a Александров  |b Б. А.  |c композитор и хоровой дирижёр  |f 1905-1994  |g Борис Александрович  |c народный артист СССР  |2 stltpush  |3 (RuTPU)RU\TPU\pers\37191 
600 1 |a Кабалевский  |b Д. Б.  |c русский композитор  |f 1904-1987  |g Дмитрий Борисович  |2 stltpush  |3 (RuTPU)RU\TPU\pers\11079  |9 2454 
600 1 |a Свиридов  |b Г. В.  |c русский композитор  |f 1915-1998  |g Георгий Васильевич  |2 stltpush  |3 (RuTPU)RU\TPU\pers\11085  |9 2460 
600 1 |a Соловьев-Седой  |b В. П.  |c русский композитор  |f 1907-1979  |g Василий Павлович  |2 stltpush  |3 (RuTPU)RU\TPU\pers\11081  |9 2456 
600 1 |a Уланова  |g Галина Сергеевна  |b Г. С.  |c русская балерина  |f 1909/1910-1998  |2 stltpush  |3 (RuTPU)RU\TPU\pers\805 
600 1 |a Хачатурян  |b А. И.  |c российский композитор  |f 1903-1978  |g Арам Ильич  |2 stltpush  |3 (RuTPU)RU\TPU\pers\11078  |9 2453 
600 1 |a Хренников  |b Т. Н.  |c русский композитор  |f 1913-  |g Тихон Николаевич  |2 stltpush  |3 (RuTPU)RU\TPU\pers\11082  |9 2457 
600 1 |a Шостакович  |b Д. Д.  |c русский композитор  |f 1906-1975  |g Дмитрий Дмитриевич  |2 stltpush  |3 (RuTPU)RU\TPU\pers\11080  |9 2455 
606 1 |a Музыканты  |2 stltpush  |3 (RuTPU)RU\TPU\subj\44580  |9 63891 
606 1 |a Спектакли балетные  |2 stltpush  |3 (RuTPU)RU\TPU\subj\55751  |9 73726 
610 1 |a искусство 
610 1 |a музыка 
610 1 |a театр 
610 1 |a балет 
610 1 |a композиторы 
610 1 |a исполнители 
610 1 |a персоналии 
675 |a 78.071  |v 4 
675 |a 792.8  |v 4 
702 1 |a Григорьев  |b Л. Г.  |4 340  |4 220 
702 1 |a Платек  |b Я. М.  |4 220  |4 340 
801 1 |a RU  |b 63413507  |c 20161205 
801 2 |a RU  |b 63413507  |c 20161208  |g RCR 
942 |c BK